MARC details
| 000 -CABECERA |
| campo de control de longitud fija |
04501nam a2200517Ia 4500 |
| 001 - NÚMERO DE CONTROL |
| campo de control |
dia_4636 |
| 003 - IDENTIFICADOR DEL NÚMERO DE CONTROL |
| campo de control |
CHAP |
| 005 - FECHA Y HORA DE LA ÚLTIMA TRANSACCIÓN |
| campo de control |
20241021173350.0 |
| 007 - CAMPO FIJO DE DESCRIPCIÓN FÍSICA--INFORMACIÓN GENERAL |
| campo de control de longitud fija |
ta |
| 008 - DATOS DE LONGITUD FIJA--INFORMACIÓN GENERAL |
| campo de control de longitud fija |
220117s2010 mx abdefrm 001 0 spa d |
| 010 ## - NÚMERO DE CONTROL DE LA BIBLIOTECA DEL CONGRESO |
| Número de control de LC |
175312 |
| 040 ## - FUENTE DE LA CATALOGACIÓN |
| Centro/agencia transcriptor |
CHAP |
| Centro catalogador/agencia de origen |
mxchpua |
| Normas de descripción |
rda |
| 090 ## - LOCALMENTE ASIGNADO TIPO-LC NÚMERO DE CLASIFICACIÓN (OCLC); NÚMERO DE CLASIFICACIÓN LOCAL (RLIN) |
| Número de clasificación (OCLC) (R) ; Numero de clasificación, CALL (RLIN) (NR) |
Tesis F58 2010 |
| 100 1# - ENTRADA PRINCIPAL--NOMBRE DE PERSONA |
| Nombre de persona |
Fuente Fajardo Ignacio de la |
| 240 10 - TÍTULO UNIFORME |
| Título uniforme |
Installation of four hectares of greenhouse and a tomato (Licopersicon esculentum Mill) packaging line in Sayula, Jalisco. |
| Lenguaje de la obra |
Español |
| 245 10 - MENCIÓN DE TÍTULO |
| Título |
Instalación de cuatro hectáreas de invernadero y una línea de empaque de jitomate (Licopersico escutentum mill) en Sayula, Jalisco / |
| Mención de responsabilidad, etc. |
Ingnacio de la Fuente Fajardo y José Alberto Robles Rodríguez |
| 264 ## - PRODUCCIÓN, PUBLICACIÓN, DISTRIBUCIÓN, FABRICACIÓN Y COPYRIGHT |
| Producción, publicación, distribución, fabricación y copyright |
Chapingo, México : |
| Nombre del de productor, editor, distribuidor, fabricante |
El autor, |
| Fecha de producción, publicación, distribución, fabricación o copyright |
2010 |
| 300 ## - DESCRIPCIÓN FÍSICA |
| Extensión |
v, 72 hojas : |
| Otras características físicas |
ilustraciones, mapas, gráficas, diagramas, tablas, fotos, planos |
| 336 ## - TIPO DE CONTENIDO |
| Fuente |
rdacontent |
| Término de tipo de contenido |
texto |
| Código de tipo de contenido |
txt |
| 337 ## - TIPO DE MEDIO |
| Fuente |
rdamedia |
| Nombre/término del tipo de medio |
no mediado |
| Código del tipo de medio |
n |
| 338 ## - TIPO DE SOPORTE |
| Fuente |
rdacarrier |
| Nombre/término del tipo de soporte |
volumen |
| Código del tipo de soporte |
nc |
| 500 ## - NOTA GENERAL |
| Nota general |
Los planos están incluidos en el reporte |
| 502 ## - NOTA DE TESIS |
| Nota de tesis |
Tesis |
| Tipo de título |
(Ingeniero Agroindustrial) -- |
| Nombre de la institución que otorga el título |
UACh. Departamento de Ingenieria Agroindustrial, |
| Año de obtención del título |
2010 |
| 504 ## - NOTA DE BIBLIOGRAFÍA, ETC. |
| Nota de bibliografía, etc. |
Bibliografía: hojas 70-72 |
| 505 ## - NOTA DE CONTENIDO CON FORMATO |
| Nota de contenido con formato |
3 planos: --<br/>1. Plano de distribución de áreas --<br/>2. Plano de distribución de áreas 2 --<br/>3. Plano de distribución de equipo |
| 520 3# - SUMARIO, ETC. |
| Sumario, etc. |
El cultivo del jitomate actualmente se encuentra extendido alrededor del mundo, es la hortaliza más popular y difundida mundialmente, por lo tanto la de mayor valor económico. Su demanda aumenta continuamente y con ella su cultivo, producción y comercio. Curiosamente, su incremento en estos últimos años, se debe principalmente al aumento en el rendimiento y en menor proporción al aumento de la superficie cultivada. El presente proyecto tiene como propósito coadyuvar en el fortalecimiento de la producción nacional de jitomate estableciendo cuatro hectáreas de invernadero y una línea de empaque en Sayula, Jalisco. Se expone el origen, la superficie cosechada, la producción y rendimientos mundiales, elementos que permiten ubicar su importancia en el contexto internacional, mencionando los principales países productores, exportadores, importadores y consumidores. En este proyecto se presenta una caracterización de la cadena agroalimentaria del tomate, tomando en cuenta los diferentes eslabones que la integran. Así mismo, se realiza una evaluación financiera que nos permite decidir la factibilidad de establecer el proyecto, utilizando los indicadores TIR (tasa interna de retorno), VAN (valor actual neto) y R B/C (relación beneficio costo). -- |
| 520 3# - SUMARIO, ETC. |
| Sumario, etc. |
Tomato plant culture currently is extended around the world, and is the most popular and spread vegetable world-wide, therefore the one with greater economic value. Its demand continuously increases and with her its culture, production and commerce. However, its increase in recent years is mainly due to the increase in the yield and in smaller proportion to the increase of worked surface. The purpose of this project is to help in the fortification of the national production of tomato establishing four hectares of greenhouse and a packaging line in Sayula, Jalisco. The origin, the harvested surface, the production and yields world-wide are elements that allow locating its importance in the international context, mentioning the main producing, exporting, import and consuming countries. This project presents a characterization of the agro-alimentary chain of tomato, according to the different links that integrate it. That way, a financial evaluation has been formulated, which allows us to decide the feasibility of establishing the project, using indicators like IRR (internal rate of return), NPV (net present value) and B/C R (benefit cost relation). |
| 650 13 - PUNTO DE ACCESO ADICIONAL DE MATERIA--TÉRMINO DE MATERIA |
| Término de materia o nombre geográfico como elemento de entrada |
Tomates |
| Fuente del encabezamiento o término |
atg |
| 650 17 - PUNTO DE ACCESO ADICIONAL DE MATERIA--TÉRMINO DE MATERIA |
| Término de materia o nombre geográfico como elemento de entrada |
Invernaderos |
| Fuente del encabezamiento o término |
atg |
| 650 13 - PUNTO DE ACCESO ADICIONAL DE MATERIA--TÉRMINO DE MATERIA |
| Término de materia o nombre geográfico como elemento de entrada |
Tecnología de almacenamiento |
| Fuente del encabezamiento o término |
atg |
| 650 13 - PUNTO DE ACCESO ADICIONAL DE MATERIA--TÉRMINO DE MATERIA |
| Término de materia o nombre geográfico como elemento de entrada |
Tomatoes |
| 650 13 - PUNTO DE ACCESO ADICIONAL DE MATERIA--TÉRMINO DE MATERIA |
| Término de materia o nombre geográfico como elemento de entrada |
Greenhouses |
| Fuente del encabezamiento o término |
atg |
| 650 13 - PUNTO DE ACCESO ADICIONAL DE MATERIA--TÉRMINO DE MATERIA |
| Término de materia o nombre geográfico como elemento de entrada |
Storage technology |
| Fuente del encabezamiento o término |
atg |
| 700 1# - PUNTO DE ACCESO ADICIONAL--NOMBRE DE PERSONA |
| Nombre de persona |
Robles Rodríguez, José Alberto |
| Término indicativo de función/relación |
autor |
| 700 1# - PUNTO DE ACCESO ADICIONAL--NOMBRE DE PERSONA |
| Nombre de persona |
Ponce Hernández, Pedro |
| Término indicativo de función/relación |
director |
| 700 1# - PUNTO DE ACCESO ADICIONAL--NOMBRE DE PERSONA |
| Nombre de persona |
Leyva Ruelas, Gabriel |
| Término indicativo de función/relación |
asesor |
| 700 1# - PUNTO DE ACCESO ADICIONAL--NOMBRE DE PERSONA |
| Nombre de persona |
Suárez Espinosa, Carlos |
| Término indicativo de función/relación |
asesor |
| 856 41 - LOCALIZACIÓN Y ACCESO ELECTRÓNICOS |
| Identificador Uniforme del Recurso |
<a href="http://10.13.5.2/tesis/109736.pdf">http://10.13.5.2/tesis/109736.pdf</a> |
| Texto de enlace |
DESCARGAR PDF |
| 901 ## - ELEMENTOS DE DATOS A LOCAL LDA (RLIN) |
| a |
Tesis F58 2010 |
| 942 ## - ELEMENTOS DE PUNTO DE ACCESO ADICIONAL (KOHA) |
| Tipo de ítem Koha |
TESIS |
| Fuente del sistema de clasificación o colocación |
local |
| 902 ## - ELEMENTOS DE DATOS B LOCAL, LDB (RLIN) |
| a |
A |
| 905 ## - ELEMENTOS DE DATOS E LOCAL, LDE (RLIN) |
| a |
0000002010 MX A M 0000000000SPA00 |